| 000 | 00747nam a22002297a 4500 | ||
|---|---|---|---|
| 010 | _aB-167009 | ||
| 020 |
_a0761934286 _c750.00 |
||
| 035 | _aB-167009 | ||
| 037 | _bCen Lib / Ret | ||
| 040 |
_aDPL _bEN |
||
| 082 |
_a324.04 _bMED |
||
| 245 |
_aMedia and mediation / _cedited by Bernard Bel.. [et. all] |
||
| 260 |
_aNew Delhi _bSage Publications _c2005 |
||
| 270 |
_aB-42, Panchsheel Enclave _bNew Delhi _e110017 |
||
| 300 |
_a474p ; _b24cm(Hb) |
||
| 490 |
_aCommunication processes _v v. 1 |
||
| 650 | _aCommunication -- Political aspects -- India. | ||
| 650 | _aIndia -- Politics and government. | ||
| 650 | _aCommunication -- Aspect politique -- Inde. | ||
| 700 | _aBel, Bernard | ||
| 942 |
_2ddc _cEN _h324.04 _mMED |
||
| 999 |
_c136733 _d136733 |
||